Microsoft works for the PC made easy

Bibliographic Details
Main Author: Matthews, Martin
Format: Book
Subjects:

MARC

LEADER 00000cam a2200000 7i4500
001 0000009866
002 000010744
005 20000330.0
020 |a 0078815975 
090 0 0 |a 652.5536   |b MAT 
100 1 |a Matthews, Martin 
245 1 0 |a Microsoft works for the PC made easy 
650 0 0 |a Microsoft Works(Computer program) 
999 |a 053045   |b BUKU   |c PINJAMAN   |e PERPUSTAKAAN KOMUNITI PETALING JAYA